000 01151 a2200229 4500
999 _c6685
_d6685
020 _a0844403407
050 0 0 _aZ696.UNI 1980
110 2 _aLibrary of Congress.
245 1 0 _aClassification. Class Z. Bibliography and library science /
_cSubject Cataloging Division, Processing Services, Library of Congress.
250 _a5th ed.
264 _aWashington:
_bLibrary of congress.,
_c1980
300 _avii, p. 282 leaves, p. 283-354 ;
500 _aEdited by Lawrence Buzard and Susan Williams.
500 _aKept up to date by the Division's L.C. classification--additions and changes, and by 2 publications irregularly issued by Gale Research Company entitled: Library of Congress classification schedules--a cumulation of additions and changes, Class Z; and Library of Congress classification schedules combined with additions and changes.
650 0 _aClassification
_xBooks
_xBibliography.
650 0 _aClassification
_xBooks
_xLibrary science.
650 0 _aClassification, Library of Congress.
700 1 _aBuzard, Lawrence.
700 1 _aWilliams, Susan,
_d1947-
710 2 _aGale Research Company.
942 _2lcc
_cREF
_h696
_iUNI
_kZ